000 00504nam a2200181 i 4500
001 146292
003 ES-MaACL
005 20230906201500.0
007 t|
008 070906s1970 sp ||||1| spa d
080 _a1(04)
080 _a1 Trías Sagnier, Eugenio
100 1 _aTrías, Eugenio.
_9111368
245 1 0 _aMetodología del pensamiento mágico /
_cEugenio Trías.
260 _a[Barcelona] :
_bEdhasa,
_c1970.
300 _a158 p., 4 h. ;
_c22 cm.
852 _aES-MaACL
_jC-38480
_bR.76226
999 _c146292
_d146292